| 000 | 00823cam a2200241u 4500 | ||
|---|---|---|---|
| 001 | 7770 | ||
| 003 | BD-RjUL | ||
| 005 | 20211208234453.0 | ||
| 008 | 160730s1966 pk | 000 0 eng | ||
| 020 | _c: PRs. 3.00 | ||
| 035 | _a(BD-RjUL)7814 | ||
| 040 |
_aDLC _cCarP _dDLC _beng |
||
| 041 | _aeng | ||
| 082 |
_223 _a331.89143 _bHUS 1966 |
||
| 100 | 1 |
_aHussain, Ch. Altaf _9232730 |
|
| 245 | 0 | 4 |
_aSupplement to The law and practice of industrial disputes in Pakistan / _cBy Ch. Altaf Hussain. |
| 260 |
_aLahore : _bPakistan Law Times Publications, _c1966 |
||
| 300 |
_a v. ; _c25 cm. |
||
| 505 | _aVol. 2, Trade Unions Act,1926, (as amended and adapted up to date with Case-Law upto June, 1966 ) -- | ||
| 650 |
_aArbitration, Industrial _zPakistan _9232731 |
||
| 650 |
_aLabor courts _zPakistan. _9232732 |
||
| 942 |
_2ddc _cRAR |
||
| 999 |
_c7770 _d7770 |
||